[Event "40th Olympiad Open"]
[Site "Istanbul TUR"]
[Date "2012.08.31"]
[Round "4.11"]
[White "Stevic, H."]
[Black "Ipatov, Alexander"]
[Result "1/2-1/2"]
[WhiteElo "2614"]
[BlackElo "2577"]
[PlyCount "60"]
[EventDate "2012.08.28"]
[SourceDate "1999.07.01"]
[WhiteTeam "Croatia"]
[BlackTeam "Turkey"]
[WhiteTeamCountry "FRM"]
[BlackTeamCountry "GAB"]

1. e4 c6 2. Nc3 d5 3. d4 dxe4 4. Nxe4 Bf5 5. Ng3 Bg6 6. Nh3 Nf6 7. c3 e6 8. Nf4
Bd6 9. h4 Bxf4 10. Bxf4 h6 11. Be2 O-O 12. Nf1 Nbd7 13. Nd2 Nd5 14. Bg3 b5 15.
O-O N7b6 16. Re1 a5 17. Bf3 a4 18. a3 Nc4 19. Nxc4 bxc4 20. Be2 Qb6 21. Bxc4
Qxb2 22. Bxd5 cxd5 23. Bd6 Rfe8 24. Bb4 Qc2 25. Qf3 h5 26. Re3 Qf5 27. Qg3 Rac8
28. Rae1 Kh7 29. Re5 Qg4 30. Qh2 Bf5 1/2-1/2

[Event "Politiken Cup 2012"]
[Site "Helsingor DEN"]
[Date "2012.08.05"]
[Round "10.5"]
[White "Aagaard, J."]
[Black "Burmakin, V."]
[Result "1/2-1/2"]
[WhiteElo "2506"]
[BlackElo "2590"]
[PlyCount "78"]
[EventDate "2012.07.28"]
[SourceDate "1999.07.01"]

1. e4 c6 2. Nc3 d5 3. Nf3 h6 4. exd5 cxd5 5. Ne5 Nf6 6. Bb5+ Bd7 7. Nxd7 Nbxd7
8. d4 e6 9. O-O Bd6 10. Bd3 O-O 11. Qf3 Qb8 12. h4 Re8 13. Nb5 e5 14. Bf5 e4
15. Qb3 Nf8 16. Nxd6 Qxd6 17. g3 Ne6 18. c3 g6 19. Bh3 Kg7 20. Kg2 Re7 21. a4
Nh5 22. Qd1 f5 23. b3 Rf7 24. c4 f4 25. Ba3 Qc6 26. Rc1 Rd8 27. Bb2 Kh7 28. Qc2
e3 29. Bg4 fxg3 30. fxe3 Rdf8 31. Rxf7+ Rxf7 32. Bf3 Nef4+ 33. exf4 Nxf4+ 34.
Kh1 Qf6 35. h5 Qh4+ 36. Kg1 Nh3+ 37. Kg2 Nf4+ 38. Kg1 Nh3+ 39. Kg2 Nf4+ 1/2-1/2

[Event "30th Andorra Open"]
[Site "Erts-La Massana AND"]
[Date "2012.07.28"]
[Round "8.4"]
[White "Kogan, Ar"]
[Black "Alonso Rosell, A."]
[Result "1/2-1/2"]
[WhiteElo "2587"]
[BlackElo "2502"]
[PlyCount "159"]
[EventDate "2012.07.21"]
[SourceDate "1999.07.01"]

1. e4 c6 2. Nc3 d5 3. Nf3 Bg4 4. h3 Bxf3 5. Qxf3 e6 6. Be2 Nd7 7. d4 dxe4 8.
Nxe4 Ndf6 9. c3 Nxe4 10. Qxe4 Nf6 11. Qc2 Bd6 12. O-O O-O 13. Bf3 Qa5 14. b4
Qc7 15. Rb1 Rfd8 16. Bg5 h6 17. Bxf6 gxf6 18. Rfd1 Bf8 19. a4 a6 20. Qe4 f5 21.
Qe3 Rd7 22. g4 fxg4 23. hxg4 Qd8 24. Kg2 Qg5 25. Rh1 Qxe3 26. fxe3 Kg7 27. c4
Be7 28. Rhd1 Bf6 29. c5 Kf8 30. Rd2 Bg5 31. Rd3 Be7 32. Rdd1 Bf6 33. Kf2 Bg5
34. Rb3 Be7 35. Ke2 Rad8 36. Rbd3 Kg7 37. e4 Bf6 38. d5 exd5 39. exd5 cxd5 40.
Rxd5 Re8+ 41. Kf2 Rxd5 42. Rxd5 Bc3 43. Rf5 Re7 44. Rf4 Kg6 45. Rc4 Bd2 46. Kg2
Kg5 47. Rd4 Bc3 48. Rd5+ Kg6 49. Rd6+ Re6 50. Rxe6+ fxe6 51. Bxb7 Bxb4 52. c6
Bd6 53. Bxa6 Kf6 54. Bc4 Bc7 55. Kf3 Ke5 56. Ke3 Kd6 57. Bb5 Kd5 58. Kd3 Ba5
59. Ke3 Bc7 60. Kf3 Bd8 61. Kg3 Ke5 62. Bf1 Kd6 63. Bg2 Kc5 64. Kf4 Kd4 65. Be4
Bc7+ 66. Kf3 Bd8 67. Bg6 Kd5 68. Be8 Bb6 69. Bd7 Bc7 70. Ke3 Bb6+ 71. Kd3 Bc7
72. Ke3 Bb6+ 73. Kf3 Bc7 74. Be8 Kd4 75. Bd7 Kd5 76. Kg2 Kc5 77. Kh3 Bd8 78.
Kg3 Kd5 79. Kf4 Bc7+ 80. Ke3 1/2-1/2

[Event "Turkish Bank Chess League 2012"]
[Site "Konya TUR"]
[Date "2012.07.22"]
[Round "13"]
[White "Cmilyte, V."]
[Black "Paichadze, L."]
[Result "1/2-1/2"]
[WhiteElo "2525"]
[BlackElo "2501"]
[PlyCount "29"]
[EventDate "2012.07.11"]
[SourceDate "1999.07.01"]
[WhiteTeam "Denizli Er Bakir"]
[BlackTeam "Tarsus Zeka"]

1. e4 c6 2. Nc3 d5 3. Nf3 a6 4. d4 Bg4 5. Be2 e6 6. h3 Bxf3 7. Bxf3 dxe4 8.
Nxe4 Nd7 9. O-O Ngf6 10. Bg5 Be7 11. Nxf6+ Bxf6 12. Bxf6 Nxf6 13. Re1 O-O 14.
c3 Qc7 15. Qe2 1/2-1/2

[Event "35th Barbera Open A"]
[Site "Barbera del Valles ESP"]
[Date "2012.07.09"]
[Round "6.1"]
[White "Alsina Leal, D."]
[Black "Turov, M."]
[Result "1/2-1/2"]
[WhiteElo "2535"]
[BlackElo "2642"]
[PlyCount "62"]
[EventDate "2012.07.04"]
[SourceDate "1999.07.01"]

1. e4 c6 2. Nc3 d5 3. Nf3 Bg4 4. h3 Bxf3 5. Qxf3 e6 6. d4 dxe4 7. Qxe4 Nf6 8.
Qd3 Nbd7 9. g3 Be7 10. Bg2 O-O 11. O-O Qb6 12. Ne4 Nxe4 13. Qxe4 Nf6 14. Qd3
Rfd8 15. c3 Rd7 16. Qc2 Rad8 17. b4 a5 18. a3 axb4 19. axb4 Nd5 20. Rb1 Qc7 21.
Re1 b5 22. Bd2 Bf6 23. Rec1 Qb6 24. Qe4 Ra7 25. Ra1 Rda8 26. Rxa7 Rxa7 27. Bf3
Ra2 28. Rc2 Qa6 29. h4 Qa4 30. Rxa2 Qxa2 31. Qe1 h6 1/2-1/2

[Event "Turkish Bank Chess League 2012"]
[Site "Konya TUR"]
[Date "2012.07.15"]
[Round "5"]
[White "Kulaots, K."]
[Black "Pantsulaia, L."]
[Result "0-1"]
[WhiteElo "2570"]
[BlackElo "2557"]
[PlyCount "80"]
[EventDate "2012.07.11"]
[SourceDate "1999.07.01"]
[WhiteTeam "Ankara Gazi"]
[BlackTeam "Istanbul ISEK Aquamatch"]

1. e4 c6 2. Nc3 d5 3. Nf3 a6 4. d4 Bg4 5. h3 Bh5 6. g4 Bg6 7. Ne5 e6 8. exd5
cxd5 9. h4 f6 10. Nxg6 hxg6 11. Bd3 Kf7 12. Ne2 Bd6 13. Nf4 Ne7 14. Qf3 Qb6 15.
c3 Bxf4 16. Qxf4 g5 17. Qg3 Nbc6 18. Rh3 gxh4 19. Rxh4 g5 20. Rh5 Rxh5 21. gxh5
Nf5 22. Qg4 Nce7 23. Bd2 Rc8 24. h6 Rh8 25. Qh5+ Kf8 26. h7 Kg7 27. f4 Rxh7 28.
Qf3 Qxb2 29. Rb1 Qxa2 30. fxg5 b5 31. gxf6+ Kxf6 32. Qg2 Qa3 33. Kf2 Qd6 34.
Qg5+ Kf7 35. Bf4 Qa3 36. Be2 Ke8 37. Rc1 Qb2 38. Qf6 Rh4 39. Qe5 Ng6 40. Qxe6+
Nfe7 0-1

[Event "30th Greek Cup 2012"]
[Site "Achaea GRE"]
[Date "2012.06.28"]
[Round "1.2"]
[White "Mastrovasilis, D."]
[Black "Nikolaidis, I."]
[Result "1/2-1/2"]
[WhiteElo "2612"]
[BlackElo "2557"]
[PlyCount "49"]
[EventDate "2012.06.28"]
[SourceDate "1999.07.01"]
[WhiteTeam "CN Kavala"]
[BlackTeam "CORINTH ARGONAFTIS PM"]

1. e4 c6 2. Nc3 d5 3. Nf3 Bg4 4. h3 Bxf3 5. Qxf3 Nf6 6. Be2 dxe4 7. Nxe4 Nxe4
8. Qxe4 Nd7 9. O-O Nf6 10. Qf3 g6 11. Rd1 Bh6 12. b3 O-O 13. Bb2 Bg7 14. d4 Qd5
15. Qe3 Qd7 16. c4 Rfd8 17. Rd2 Qc7 18. Rad1 Rd7 19. Bf3 e6 20. d5 exd5 21.
Bxf6 Bxf6 22. cxd5 cxd5 23. Bxd5 Kg7 24. g3 Re7 25. Qf3 1/2-1/2